Indian painting /

Bibliographic Details
Main Author: Barrett, Douglas E.
Other Authors: Gray, Basil, 1904-1989
Format: Book
Language:English
Published: New York : Skira/Rizzoli International Publications, 1985
Series:Treasures of Asia.
Subjects:

MARC

Tag First Indicator Second Indicator Subfields
LEADER 00000cam a2200000 a 4500
001 in00000029071
005 20151007060046.0
008 870220c19851978nyua b 00110 eng d
010 |a  63008982  
020 |a 0847801586 (pbk.) 
020 |a 0847801608 (hbk.) 
035 |a (OCoLC)15217508 
035 |9 AAB9990AM 
040 |a SZR  |c SZR  |d TXA  |d UtOrBLW 
049 |a TXAM  |c [A11032368] 
050 4 |a ND2827  |b .B37 1985 
100 1 |a Barrett, Douglas E. 
245 1 0 |a Indian painting /  |c text by Douglas Barrett and Basil Gray. 
264 1 |a New York :  |b Skira/Rizzoli International Publications,  |c 1985 
264 4 |c ©1978 
300 |a 213 pages :  |b color illustrations ;  |c 29 cm. 
336 |a text  |b txt  |2 rdacontent 
337 |a unmediated  |b n  |2 rdamedia 
338 |a volume  |b nc  |2 rdacarrier 
490 1 |a Treasures of Asia 
500 |a Published in 1963 under title: Painting of India. 
504 |a Bibliography: pages 195-196. 
500 |a Includes indexes. 
650 0 |a Mural painting and decoration, Indic. 
650 0 |a Miniature painting, Indic. 
700 1 |a Gray, Basil,  |d 1904-1989. 
740 0 |a Painting of India. 
830 0 |a Treasures of Asia. 
999 |a MARS 
999 f f |s 190ac2d2-7b15-335a-b266-aba669908b43  |i c2bbc71b-b087-32a6-ba21-1c731b2a3471  |t 0 
952 f f |p ric  |a Texas A&M University  |b Rellis Campus  |c Joint Library Facility  |d Remote Storage  |t 0  |e ND2827 .B37 1985  |h Library of Congress classification  |i unmediated -- volume  |m A14811032368 
998 f f |a ND2827 .B37 1985  |t 0  |l Remote Storage